Riadenie podniku. Poradenské listy pre výrobkových manažérov a vedúcich marketingu.

Zaručenie ceny formou termínových obchodov. Zaručenie ceny "hedgingom" - zaručenou kúpou (Long Hedge) a zaručeným predajom (Short Hedge). Zaručenie ceny prostredníctvom termínových opcií.

Na minha lista:
Detalhes bibliográficos
Formato: Capítulo de Livro
Idioma:eslovaco
Assuntos:
Tags: Adicionar Tag
Sem tags, seja o primeiro a adicionar uma tag!

MARC

LEADER 00000naa a2200000 4500
001 r012346
005 20220826093956.3
041 0 |a slo 
044 |a SK 
245 1 0 |a Riadenie podniku.  |b Poradenské listy pre výrobkových manažérov a vedúcich marketingu. 
520 |a Zaručenie ceny formou termínových obchodov. Zaručenie ceny "hedgingom" - zaručenou kúpou (Long Hedge) a zaručeným predajom (Short Hedge). Zaručenie ceny prostredníctvom termínových opcií. 
610 2 0 |a ceny 
610 2 0 |a obchody burzové 
610 2 0 |a opcie 
610 2 0 |a obchody termínové 
610 2 0 |a hedging